Segundo suplemento a la Biblioteca Boliviana: Libros y folletos

Bewaard in:
Bibliografische gegevens
Hoofdauteur: René-Moreno, Gabriel (Auteur)
Formaat: Boek
Taal:Spaans
Gepubliceerd in: Santiago Imprenta y Encuadernación Universitaria 1908
Editie:1a. ed
Onderwerpen:
Tags: Voeg label toe
Geen labels, Wees de eerste die dit record labelt!

MARC

LEADER 00000nam a2200000 a 4500
001 UCJ5900
003 CL-VaPUC
008 070124e19080000CL |||||||||||||||||spa|d
082 0 4 |a 011  |b REN  |2 21 
100 0 |a René-Moreno, Gabriel  |e author  |9 508355 
245 1 0 |a Segundo suplemento a la Biblioteca Boliviana: Libros y folletos 
246 1 0 |a Ensayo de una Bibliografía General de los periódicos: Suplemento. 1905-1907 
250 |a 1a. ed 
300 |a 349, xvii p 
942 |c BK 
945 |d 20070124 00:00:00  |a rinostro 
260 |a Santiago  |b Imprenta y Encuadernación Universitaria  |c 1908 
650 7 |a BIBLIOGRAFIA  |2 CL-VaPUC  |9 256175 
650 7 |a DIARIOS Y REVISTAS  |2 CL-VaPUC  |9 504436 
650 0 |a Prensa y periodismo   |z Chile  |9 504409 
650 7 |a HISTORIA DE BOLIVIA  |2 CL-VaPUC  |9 511826 
583 |a last modification  |c 20070124 00:00:00  |k Rodrigo Vera 
999 |c 322008  |d 322006 
952 |0 0  |1 0  |4 0  |6 011_000000000000000_REN_1908  |7 0  |8 X  |9 400913  |a FDOBUD  |b FDOBUD  |d 2019-11-22  |i 104141K  |o 011 REN 1908  |p 104141K  |r 2019-11-22  |w 2019-11-22  |y BK_X  |k BUD